[Event "Al-Ain Classic Open A 2013"]
[Site "Al-Ain UAE"]
[Date "2013.12.20"]
[Round "2.10"]
[White "Durarbayli, Vasif"]
[Black "Khatanbaatar, Bazar"]
[Result "1-0"]
[WhiteTitle "GM"]
[BlackTitle "GM"]
[WhiteElo "2559"]
[BlackElo "2329"]
[WhiteFideId "13402935"]
[BlackFideId "4900332"]
[EventDate "2013.12.19"]

1. e4 c5 2. Nf3 d6 3. d4 cxd4 4. Nxd4 Nf6 5. Nc3 a6 6. Bg5 e6 7. f4 Qc7 8. Bxf6
gxf6 9. Qd3 b5 10. O-O-O Bb7 11. Be2 Nd7 12. Bh5 Nc5 13. Qh3 Ke7 14. e5 dxe5 15.
fxe5 Qxe5 16. Rhe1 Qg5+ 17. Kb1 Bxg2 18. Nf5+ Ke8 19. Nxb5 axb5 20. Rxe6+ Nxe6
21. Qd3 Bc6 22. Bf3 Bc5 23. Bxc6+ Kf8 24. Bxa8 Kg8 25. Be4 b4 26. Qb5 h5 27.
Qe8+ Bf8 28. Nd6 Qg7 29. Bd5 Ng5 30. h4 1-0

[Event "Al-Ain Classic Open A 2013"]
[Site "Al-Ain UAE"]
[Date "2013.12.20"]
[Round "2.11"]
[White "Gopal, G.N."]
[Black "Abdulla, Khayala"]
[Result "1-0"]
[WhiteTitle "GM"]
[BlackTitle "WIM"]
[WhiteElo "2540"]
[BlackElo "2260"]
[WhiteFideId "5015693"]
[BlackFideId "13401807"]
[EventDate "2013.12.19"]

1. e4 c5 2. Nf3 e6 3. g3 a6 4. Bg2 d6 5. O-O Nf6 6. e5 dxe5 7. Nxe5 Bd6 8. Nc4
Be7 9. a4 Nc6 10. Re1 Nd5 11. a5 O-O 12. d3 Rb8 13. Nc3 Nxc3 14. bxc3 Bf6 15.
Bf4 Ra8 16. Qd2 e5 17. Nxe5 Nxa5 18. c4 Nc6 19. Nxc6 bxc6 20. Ra5 Bd4 21. Be3 1-0

[Event "Al-Ain Classic Open A 2013"]
[Site "Al-Ain UAE"]
[Date "2013.12.20"]
[Round "2.13"]
[White "Anurag, Mhamal"]
[Black "Rasulov, Vugar"]
[Result "1-0"]
[WhiteTitle "IM"]
[BlackTitle "GM"]
[WhiteElo "2416"]
[BlackElo "2529"]
[WhiteFideId "5024366"]
[BlackFideId "13402390"]
[EventDate "2013.12.19"]

1. d4 d5 2. c4 e6 3. Nf3 Nf6 4. g3 dxc4 5. Bg2 Nc6 6. Qa4 Bb4+ 7. Bd2 Nd5 8.
Bxb4 Nxb4 9. a3 b5 10. Qxb5 Nc2+ 11. Kd1 Nxa1 12. Nfd2 Bd7 13. Bxc6 Nb3 14. Nxb3
cxb3 15. Nd2 a6 16. Qa4 Rb8 17. Nxb3 Rb6 18. Bxd7+ Qxd7 19. Qxd7+ Kxd7 20. Kc2
Ke7 21. Na5 Rd8 22. Kc3 Rd5 23. Nc4 Rb8 24. b4 Rbd8 25. e3 Rh5 26. a4 f6 27. Na5
Rdd5 28. e4 Rxa5 29. bxa5 Rxa5 30. Kb4 Rh5 31. Rc1 Kd6 32. h4 a5+ 33. Kb3 c6 34.
f4 Rh6 35. Kc4 Rg6 36. e5+ Kc7 37. Rc3 Rg4 38. Kc5 h6 39. h5 f5 40. Rb3 g6 41.
hxg6 Rxg6 42. Rb6 Rxg3 43. Rxc6+ Kd7 44. Rd6+ Ke7 45. d5 exd5 46. Rxh6 Rg4 47.
Rh7+ Ke6 48. Rh6+ Ke7 49. Kxd5 Rxf4 50. Rh7+ Kf8 51. Ke6 Rxa4 52. Kf6 Kg8 53.
Rg7+ Kh8 54. e6 Re4 55. e7 f4 56. Rg4 Kh7 57. Kf7 Kh6 1-0

[Event "Al-Ain Classic Open A 2013"]
[Site "Al-Ain UAE"]
[Date "2013.12.20"]
[Round "2.14"]
[White "Batchuluun, Tsegmed"]
[Black "Gluckman, David"]
[Result "1/2-1/2"]
[WhiteTitle "GM"]
[BlackTitle "IM"]
[WhiteElo "2528"]
[BlackElo "2237"]
[WhiteFideId "4900847"]
[BlackFideId "14300010"]
[EventDate "2013.12.19"]

1. d4 e6 2. c4 f5 3. g3 d5 4. Bg2 Nf6 5. Nh3 c6 6. O-O Bd6 7. Bf4 Be7 8. Nd2 O-O
9. Qc2 h6 10. Bxb8 Rxb8 11. Nf4 Bd6 12. Ng6 Re8 13. Nf3 Nh7 14. c5 Bc7 15. Nfe5
Nf8 16. f4 Nxg6 17. Nxg6 Qf6 18. Ne5 g5 19. e3 Kg7 20. b4 Bxe5 21. fxe5 Qg6 22.
g4 Rf8 23. Rf2 Bd7 24. Raf1 Rf7 25. gxf5 exf5 26. b5 Rbf8 27. Kh1 h5 28. h4 f4
29. Qxg6+ Kxg6 30. exf4 Rxf4 31. Rxf4 gxf4 32. bxc6 bxc6 33. Rb1 Bg4 1/2-1/2

[Event "Al-Ain Classic Open A 2013"]
[Site "Al-Ain UAE"]
[Date "2013.12.20"]
[Round "2.15"]
[White "Zayan, Osama"]
[Black "Barsov, Alexei"]
[Result "0-1"]
[BlackTitle "GM"]
[WhiteElo "2234"]
[BlackElo "2527"]
[WhiteFideId "10601180"]
[BlackFideId "14200082"]
[EventDate "2013.12.19"]

1. e4 e6 2. d4 d5 3. Nd2 c5 4. exd5 Qxd5 5. Ngf3 cxd4 6. Bc4 Qd6 7. O-O Nf6 8.
Nb3 Nc6 9. Nbxd4 Nxd4 10. Nxd4 a6 11. c3 Qc7 12. Bb3 Bd6 13. h3 Bd7 14. Qe2
O-O-O 15. Qc4 h6 16. Qxc7+ Kxc7 17. f4 Rhe8 18. Nf3 Bc5+ 19. Kh2 Bb5 20. c4 Bc6
21. Ne5 Re7 22. Nxc6 bxc6 23. Bc2 Red7 24. Re1 a5 25. a3 Bd4 26. Rd1 Ra8 0-1

[Event "Al-Ain Classic Open A 2013"]
[Site "Al-Ain UAE"]
[Date "2013.12.20"]
[Round "2.16"]
[White "Mirzoev, Azer"]
[Black "Sosovicka, Juraj"]
[Result "1-0"]
[WhiteTitle "GM"]
[WhiteElo "2518"]
[BlackElo "2188"]
[WhiteFideId "13400304"]
[BlackFideId "14911418"]
[EventDate "2013.12.19"]

1. d4 d5 2. Nf3 Nf6 3. c4 dxc4 4. Qa4+ c6 5. Qxc4 Bf5 6. g3 e6 7. Bg2 Be7 8. Nc3
h6 9. Qb3 Qb6 10. Nd2 Nbd7 11. Nc4 Qxb3 12. axb3 Bb4 13. O-O Bc2 14. Bf4 g5 15.
Bd6 Bxb3 16. Bxb4 Bxc4 17. Rfc1 Nb6 18. e4 Nfd7 19. Ra3 f6 20. b3 Bd3 21. Rd1
Bb5 22. d5 exd5 23. exd5 Ne5 24. f4 gxf4 25. gxf4 Ng6 26. Rd4 a6 27. Nxb5 cxb5
28. d6 Kf7 29. Bxb7 Ra7 30. Bf3 Rd8 31. Bc5 Rb8 32. b4 Kf8 33. Re3 Rd7 34. Re7
Rxe7 35. dxe7+ Kf7 36. Rd8 1-0

[Event "Al-Ain Classic Open A 2013"]
[Site "Al-Ain UAE"]
[Date "2013.12.20"]
[Round "2.17"]
[White "Karavade, Eesha"]
[Black "Babujian, Levon"]
[Result "1-0"]
[WhiteTitle "IM"]
[BlackTitle "GM"]
[WhiteElo "2380"]
[BlackElo "2512"]
[WhiteFideId "5012600"]
[BlackFideId "13301993"]
[EventDate "2013.12.19"]

1. Nf3 c5 2. c4 Nc6 3. Nc3 g6 4. e3 Nf6 5. d4 cxd4 6. exd4 d5 7. cxd5 Nxd5 8.
Qb3 e6 9. Bb5 Bg7 10. O-O O-O 11. Bxc6 bxc6 12. Bg5 Qa5 13. Rfc1 Ba6 14. Bd2
Rab8 15. Nxd5 Qxd5 16. Qc3 c5 17. Qa5 Bb7 18. Bf4 cxd4 19. Rc5 Qd8 20. Bxb8 Qxb8
21. Ne5 Bd5 22. Nd3 Be4 23. Rb5 Qa8 24. Ne1 h5 25. Rd1 Rd8 26. f3 Bf5 27. Nd3
Bh6 28. Qc7 Be3+ 29. Kf1 Rf8 30. Rb7 a6 31. g3 Qe8 32. Ne5 Qa4 33. Ke2 Qc2+ 34.
Qxc2 Bxc2 35. Rd3 Bxd3+ 36. Kxd3 Bg1 37. h3 Bh2 38. Nd7 Rc8 39. g4 Rc1 40. Kxd4
h4 41. Nf6+ Kg7 42. Ne8+ Kf8 43. Nf6 Bf4 44. g5 Bc7 45. Kd3 Ke7 46. Ra7 a5 47.
Ra8 Rg1 48. Re8+ Kd6 49. Rf8 Kc6 50. Ne4 Rd1+ 51. Ke3 Rd7 52. Nf6 Bb6+ 53. Ke2
Rc7 54. Rh8 Kb5 55. Kd3 Bf2 56. Rb8+ Kc6 57. Ra8 Kb6 58. Rb8+ Ka7 59. Rd8 Bg3
60. Rd7 Rxd7+ 61. Nxd7 Bf4 62. Ke4 Bxg5 63. Ne5 f5+ 64. Kd3 Kb6 65. Nxg6 Kc5 66.
Ne5 Bd8 67. b3 Bc7 68. Nc4 Kd5 69. a3 Kc6 70. Kd4 Kb5 71. Ne5 Bd6 72. Nc4 Bg3
73. Ne5 Bf2+ 74. Kc3 Bg3 75. Kd4 Bf2+ 76. Kc3 Bc5 77. a4+ Kb6 78. Kc4 Bf2 79.
Nd7+ Ka7 80. Nc5 e5 81. Nd3 Bg3 82. Kd5 e4 83. fxe4 fxe4 84. Kxe4 Kb6 85. Kd5
Bb8 86. Nc5 Bg3 87. Nd3 Bb8 88. Nb2 Bg3 89. Nc4+ Ka6 90. Kc6 Bf4 91. Nb2 Bd2 92.
Nd3 Bc3 93. Nc5+ Ka7 94. Kb5 Be1 95. Nd7 Bc3 96. Nb6 Kb7 97. Nc4 Kc7 98. Nxa5
Kd6 99. Nc4+ Kd5 100. a5 Bd4 101. Nb6+ 1-0

[Event "Al-Ain Classic Open A 2013"]
[Site "Al-Ain UAE"]
[Date "2013.12.20"]
[Round "2.18"]
[White "Andreev, Eduard UKR"]
[Black "Djaballah, Farouk"]
[Result "1-0"]
[WhiteTitle "GM"]
[WhiteElo "2508"]
[BlackElo "2037"]
[WhiteFideId "14103400"]
[BlackFideId "7900937"]
[EventDate "2013.12.19"]

1. e4 c5 2. Nf3 d6 3. d4 cxd4 4. Nxd4 Nf6 5. Nc3 a6 6. Be3 e5 7. Nb3 Be7 8. f3
Be6 9. Qd2 Nbd7 10. g4 O-O 11. O-O-O Rc8 12. Kb1 b5 13. g5 Nh5 14. Nd5 Bxd5 15.
exd5 Nb6 16. Na5 Qc7 17. Bh3 Rb8 18. Bxb6 Rxb6 19. Bf5 g6 20. Be4 Rc8 21. Nc6
Bf8 22. c4 bxc4 23. Rc1 Qb7 24. Rxc4 Nf4 25. Rhc1 Re8 26. Na5 Qd7 27. Rc7 Qb5
28. Nc4 Rb7 29. Rc6 Rd8 30. h4 h6 31. Rc3 Qa4 32. Ra3 Qb4 33. Qxb4 Rxb4 34.
Raxa6 hxg5 35. hxg5 Nh3 36. Rab6 Rxb6 37. Nxb6 Nxg5 38. a4 f5 39. Bc2 Nxf3 40.
a5 Nd4 41. a6 e4 42. a7 e3 43. Bd3 f4 44. Rc8 Rxc8 45. Nxc8 e2 46. Bxe2 Nxe2 47.
a8=Q f3 48. Qa7 Bg7 49. Qe3 1-0

[Event "Al-Ain Classic Open A 2013"]
[Site "Al-Ain UAE"]
[Date "2013.12.20"]
[Round "2.19"]
[White "Golizadeh, Asghar"]
[Black "Abdulkarim, Ali"]
[Result "1-0"]
[WhiteTitle "GM"]
[WhiteElo "2500"]
[BlackElo "1944"]
[WhiteFideId "12505269"]
[BlackFideId "9301640"]
[EventDate "2013.12.19"]

1. e4 e6 2. d4 d5 3. Nc3 Nf6 4. e5 Nfd7 5. f4 c5 6. Nf3 Nc6 7. Be3 a6 8. Qd2 Qc7
9. Be2 Be7 10. O-O cxd4 11. Nxd4 Nxd4 12. Bxd4 Bc5 13. Kh1 b5 14. Bxc5 Nxc5 15.
Bd3 Bb7 16. Ne2 g6 17. Nd4 Rc8 18. Qe3 Qe7 19. f5 gxf5 20. Bxf5 exf5 21. Nxf5 d4
22. Qg3 Ne4 23. Qf4 Qg5 1-0

[Event "Al-Ain Classic Open A 2013"]
[Site "Al-Ain UAE"]
[Date "2013.12.20"]
[Round "2.20"]
[White "Abdulov, Orkhan"]
[Black "Shoker, Samy"]
[Result "1-0"]
[WhiteTitle "IM"]
[BlackTitle "IM"]
[WhiteElo "2356"]
[BlackElo "2497"]
[WhiteFideId "13402714"]
[BlackFideId "627143"]
[EventDate "2013.12.19"]

1. e4 d6 2. d4 Nf6 3. Nc3 g6 4. f4 Bg7 5. Nf3 O-O 6. Bd3 Na6 7. O-O c5 8. d5 Bg4
9. Be2 Nc7 10. h3 Bxf3 11. Bxf3 b5 12. e5 Nd7 13. e6 Nb6 14. exf7+ Rxf7 15. Ne4
b4 16. Ng5 Bd4+ 17. Kh1 Rg7 18. f5 gxf5 19. Qd3 Na4 20. Ne6 Nxe6 21. dxe6 Nxb2
22. Qxf5 Nc4 23. Bh6 Rg6 24. Bxa8 Rxh6 25. Qf7+ 1-0

[Event "Al-Ain Classic Open A 2013"]
[Site "Al-Ain UAE"]
[Date "2013.12.20"]
[Round "2.21"]
[White "Kazimova, Narmin"]
[Black "Rzayev, Bahruz"]
[Result "0-1"]
[WhiteTitle "WIM"]
[BlackTitle "IM"]
[WhiteElo "2238"]
[BlackElo "2465"]
[WhiteFideId "13402951"]
[BlackFideId "13403036"]
[EventDate "2013.12.19"]

1. Nf3 Nf6 2. c4 g6 3. d4 Bg7 4. g3 d6 5. Bg2 O-O 6. O-O Nc6 7. Nc3 Bf5 8. Ne1
Qd7 9. e4 Bh3 10. Nc2 e5 11. d5 Ne7 12. f3 Bxg2 13. Kxg2 Nh5 14. Qe2 f5 15. Bd2
Rf7 16. b4 h6 17. c5 Nf6 18. Ne3 g5 19. cxd6 cxd6 20. Nxf5 Nxf5 21. exf5 Qxf5
22. Ne4 Qd7 23. Qd3 Raf8 24. h3 Ne8 25. a4 Bf6 26. b5 Ng7 27. Be3 b6 28. g4 Bd8
29. Rac1 Be7 30. Rc6 h5 31. Bxg5 hxg4 32. hxg4 Nh5 33. gxh5 Rg7 34. h6 Rg6 35.
h7+ Kh8 36. f4 Qf5 37. Nf2 Qxd3 38. Nxd3 Bxg5 39. Nxe5 Rg7 40. Ng4 Bxf4 41. Kh3
Rf5 42. Rc8+ Kxh7 43. Kh4 Bg3+ 0-1

[Event "Al-Ain Classic Open A 2013"]
[Site "Al-Ain UAE"]
[Date "2013.12.20"]
[Round "2.22"]
[White "Amin, Bassem"]
[Black "Kanter, Eduard"]
[Result "1-0"]
[WhiteTitle "GM"]
[BlackTitle "IM"]
[WhiteElo "2654"]
[BlackElo "2406"]
[WhiteFideId "10601457"]
[BlackFideId "4103963"]
[EventDate "2013.12.19"]

1. e4 c5 2. Nf3 d6 3. c3 Nf6 4. Be2 Bd7 5. d3 Nc6 6. O-O e5 7. a3 Be7 8. Nbd2
O-O 9. b4 b5 10. Bb2 cxb4 11. axb4 a5 12. bxa5 Rxa5 13. d4 Qc7 14. d5 Rxa1 15.
Qxa1 Na5 16. Ba3 Nc4 17. Bxc4 bxc4 18. Nxe5 Re8 19. Nxd7 Nxd7 20. Bb4 Bg5 21. f4
Bf6 22. Qa6 Qb6+ 23. Qxb6 Nxb6 24. Ra1 g5 25. g3 gxf4 26. gxf4 Bg7 27. Ra6 Nc8
28. Ra8 Bh6 29. Nxc4 Bxf4 30. Kg2 Kf8 31. e5 Ne7 32. Rxe8+ Kxe8 33. Nxd6+ Kd7
34. c4 Bxe5 35. Nxf7 Bf4 36. h3 Nf5 37. Kf3 Bh2 38. Ke4 Ng3+ 39. Kf3 Nh1 40. Ng5
h5 41. Ne4 h4 42. c5 Ng3 43. c6+ Kc7 44. Ba5+ 1-0

[Event "Al-Ain Classic Open A 2013"]
[Site "Al-Ain UAE"]
[Date "2013.12.20"]
[Round "2.23"]
[White "Nezad, Husein Aziz"]
[Black "Vovk, Andrey"]
[Result "0-1"]
[WhiteTitle "IM"]
[BlackTitle "GM"]
[WhiteElo "2400"]
[BlackElo "2599"]
[WhiteFideId "12100293"]
[BlackFideId "14114470"]
[EventDate "2013.12.19"]

1. d4 f5 2. g3 Nf6 3. Bg2 g6 4. Nf3 Bg7 5. O-O O-O 6. c4 d6 7. Nc3 c6 8. b3 Qa5
9. Bb2 e5 10. Qd2 Qc7 11. d5 e4 12. Ng5 h6 13. Nh3 g5 14. f3 Qb6+ 15. Kh1 e3 16.
Qd3 cxd5 17. f4 g4 18. Nxd5 Nxd5 19. Bxd5+ Kh7 20. Bxg7 Kxg7 21. c5 dxc5 22.
Qxe3 Qd6 23. Qc3+ Rf6 24. Rad1 gxh3 25. g4 fxg4 26. e4 Qe7 27. f5 Nc6 28. Rg1
Ne5 29. Be6 Qc7 30. Rd5 Bxe6 31. Rxe5 Bg8 32. Rxg4+ Kh7 33. Rxc5 Qd6 34. Rc7+
Bf7 35. Rg1 Re8 36. Qc4 Re7 37. Rxe7 Qxe7 38. Qd4 Qd6 0-1

[Event "Al-Ain Classic Open A 2013"]
[Site "Al-Ain UAE"]
[Date "2013.12.20"]
[Round "2.24"]
[White "Khalafova, Narmin"]
[Black "Kovalev, Vladislav"]
[Result "1/2-1/2"]
[WhiteTitle "WFM"]
[BlackTitle "GM"]
[WhiteElo "2148"]
[BlackElo "2574"]
[WhiteFideId "13402625"]
[BlackFideId "13504398"]
[EventDate "2013.12.19"]

1. e4 c5 2. Nf3 Nc6 3. d4 cxd4 4. Nxd4 g6 5. Nc3 Bg7 6. Be3 Nf6 7. Bc4 O-O 8.
Bb3 a5 9. f3 d5 10. Bxd5 Nxd5 11. Nxd5 f5 12. Nxc6 bxc6 13. Nb6 Rb8 14. Qxd8
Rxd8 15. Rd1 Rxd1+ 16. Kxd1 fxe4 17. Nxc8 Rxc8 18. b3 exf3 19. gxf3 a4 20. Ke2
Kf7 21. Rd1 Ke6 22. Bc5 Be5 23. Bd4 Bd6 24. Be3 Ra8 25. f4 axb3 26. axb3 Ra2 27.
Rd2 Kf5 28. Kf3 Ra1 29. Rd4 Rf1+ 30. Kg2 Re1 31. Kf2 Rh1 32. Kg2 Re1 33. Kf2
Rxe3 34. Kxe3 Bc5 35. b4 Bxd4+ 36. Kxd4 Kxf4 37. Kc5 e5 38. Kxc6 e4 39. b5 e3
40. b6 e2 41. b7 1/2-1/2

[Event "Al-Ain Classic Open A 2013"]
[Site "Al-Ain UAE"]
[Date "2013.12.20"]
[Round "2.25"]
[White "Geller, Jakov"]
[Black "Pourkashiyan, Atousa"]
[Result "1-0"]
[WhiteTitle "GM"]
[BlackTitle "WGM"]
[WhiteElo "2542"]
[BlackElo "2334"]
[WhiteFideId "4151984"]
[BlackFideId "12502014"]
[EventDate "2013.12.19"]

1. e4 e5 2. Nf3 Nf6 3. d4 Nxe4 4. Bd3 d5 5. Nxe5 Nd7 6. Nxd7 Bxd7 7. O-O Bd6 8.
c4 c6 9. cxd5 cxd5 10. Nc3 Nxc3 11. bxc3 O-O 12. Qh5 g6 13. Qxd5 Qc7 14. Bh6
Rfe8 15. h3 Be6 16. Qg5 Qxc3 17. Bb5 Red8 18. Rfd1 Bf8 19. Bxf8 Rd5 20. Qe7 Rxf8
21. Qxb7 Rxd4 22. a4 Rxd1+ 23. Rxd1 a5 24. Qc6 Qb3 25. Rd6 Rc8 26. Qe4 Qb2 27.
Kh2 Rc2 28. f4 Qc3 29. Rc6 Qxh3+ 30. Kg1 Rxg2+ 31. Qxg2 Qxg2+ 32. Kxg2 Bd5+ 33.
Kf2 Bxc6 34. Bxc6 Kf8 35. Ke3 Ke7 36. Kd4 Kd6 37. Bd5 f6 38. Kc4 h6 39. Bf3 f5
40. Kb5 g5 41. Kxa5 g4 42. Bg2 Kc7 43. Kb5 h5 44. a5 h4 45. a6 h3 46. Bf1 Kc8
47. Kb6 Kb8 48. a7+ 1-0

[Event "Al-Ain Classic Open A 2013"]
[Site "Al-Ain UAE"]
[Date "2013.12.20"]
[Round "2.26"]
[White "Kulkarni, Bhakti"]
[Black "Shyam, Sundar M."]
[Result "1/2-1/2"]
[WhiteTitle "CM"]
[BlackTitle "GM"]
[WhiteElo "2267"]
[BlackElo "2534"]
[WhiteFideId "5019516"]
[BlackFideId "5019141"]
[EventDate "2013.12.19"]

1. d4 Nf6 2. c4 e6 3. Nc3 Bb4 4. e3 O-O 5. Bd3 d5 6. Ne2 c5 7. a3 Bxc3+ 8. bxc3
dxc4 9. Bxc4 Qc7 10. Bd3 Nc6 11. O-O e5 12. Bb2 Be6 13. Qc2 Rad8 14. h3 Rfe8 15.
Bb5 Bd7 16. dxe5 Nxe5 17. Bxd7 Nfxd7 18. c4 Nb6 19. Bxe5 Qxe5 20. Ng3 g6 21. a4
Qe6 22. Rac1 Rd7 23. a5 Nc8 24. Rfd1 Red8 25. Rxd7 Rxd7 26. Rd1 Rxd1+ 27. Qxd1
Nd6 28. Qd5 Qxd5 29. cxd5 f5 30. f3 Kf7 31. Kf2 Kf6 32. Ne2 b5 33. axb6 axb6 34.
Nc3 b5 35. f4 Ne4+ 36. Nxe4+ fxe4 37. g4 b4 38. Ke2 Ke7 39. f5 c4 40. Kd2 gxf5
41. gxf5 Ke8 42. Kc2 h6 43. Kb2 Ke7 44. Kc2 1/2-1/2

[Event "Al-Ain Classic Open A 2013"]
[Site "Al-Ain UAE"]
[Date "2013.12.20"]
[Round "2.27"]
[White "Sameir, Ramez"]
[Black "Hayrapetyan, Hovik"]
[Result "0-1"]
[BlackTitle "GM"]
[WhiteElo "2070"]
[BlackElo "2458"]
[WhiteFideId "10606017"]
[BlackFideId "13302639"]
[EventDate "2013.12.19"]

1. e4 c5 2. Nf3 e6 3. d4 cxd4 4. Nxd4 a6 5. Bd3 Nc6 6. Nxc6 bxc6 7. O-O d5 8. c4
Nf6 9. Nc3 Bb7 10. Qb3 Qd7 11. Bg5 Be7 12. Rad1 Rd8 13. Rfe1 O-O 14. cxd5 cxd5
15. exd5 exd5 16. Qa4 Qxa4 17. Nxa4 Bb4 18. Bd2 Bd6 19. Ba5 Rde8 20. h3 Re6 21.
Bf5 Rxe1+ 22. Rxe1 g6 23. Bd3 Rc8 24. Bd2 Nd7 25. Rc1 Rxc1+ 26. Bxc1 Bc6 27. Nc3
Nc5 28. Bb1 d4 29. Ne2 Be5 30. Bf4 d3 31. Bxe5 dxe2 32. Bc3 Be4 33. Bxe4 Nxe4
34. Be1 Nc5 0-1

[Event "Al-Ain Classic Open A 2013"]
[Site "Al-Ain UAE"]
[Date "2013.12.20"]
[Round "2.28"]
[White "Bakre, Tejas"]
[Black "Batjantsan, Purevjal"]
[Result "1-0"]
[WhiteTitle "GM"]
[WhiteElo "2455"]
[BlackElo "2092"]
[WhiteFideId "5004195"]
[BlackFideId "4901231"]
[EventDate "2013.12.19"]

1. c4 e6 2. Nc3 d5 3. d4 Nf6 4. Bg5 Be7 5. cxd5 exd5 6. e3 c6 7. Qc2 Nbd7 8. Bd3
Nf8 9. Nf3 Ne6 10. Bh4 g6 11. O-O-O Ng7 12. h3 Bf5 13. g4 Bxd3 14. Qxd3 Ng8 15.
Bg3 Bd6 16. e4 Bxg3 17. fxg3 Nf6 18. e5 Nd7 19. h4 h6 20. Rhf1 Qe7 21. Qc2 Nb6
22. Nd2 O-O-O 23. Rf3 Kb8 24. Rdf1 Rhf8 25. Nb3 Ne6 26. Qf2 Qb4 27. Kc2 a5 28.
a3 Qc4 29. Nxa5 Qxd4 30. Rxf7 Nd7 31. Qd2 Qxd2+ 32. Kxd2 Nd4 33. Rxd7 1-0

[Event "Al-Ain Classic Open A 2013"]
[Site "Al-Ain UAE"]
[Date "2013.12.20"]
[Round "2.41"]
[White "Kameswara Rao, Vempati"]
[Black "Thakur, Akash"]
[Result "0-1"]
[BlackTitle "FM"]
[WhiteElo "2073"]
[BlackElo "2283"]
[WhiteFideId "5049059"]
[BlackFideId "5008514"]
[EventDate "2013.12.19"]

1. e4 e5 2. Nf3 Nc6 3. d4 exd4 4. Nxd4 Nf6 5. Nc3 Bb4 6. Nxc6 bxc6 7. Bd3 d6 8.
Bg5 h6 9. Bd2 Ng4 10. Qf3 Bc5 11. O-O O-O 12. Qg3 Kh8 13. Be2 Nf6 14. Kh1 Rb8
15. Bd3 Nh5 16. Qf3 Qh4 17. Be2 Nf6 18. h3 Ng4 19. Nd1 Ne5 20. Qf4 Qxf4 21. Bxf4
Re8 22. Bd2 f5 23. Bh5 g6 24. Bc3 Kh7 25. Be2 fxe4 26. f4 exf3 27. Bxf3 Ba6 28.
Re1 Nxf3 29. gxf3 Re2 30. Rxe2 Bxe2 31. Kg2 Rf8 32. Nf2 Bxf3+ 33. Kg3 d5 34. Nd3
Bd6+ 35. Ne5 Be4 36. Kg4 h5+ 37. Kh4 Rf4+ 38. Ng4 hxg4 39. hxg4 Rf2 40. g5 Bf3 0-1

[Event "Al-Ain Classic Open A 2013"]
[Site "Al-Ain UAE"]
[Date "2013.12.20"]
[Round "2.43"]
[White "Enkhtuul, Altanulzii"]
[Black "Seddaoui, Yamine"]
[Result "1/2-1/2"]
[WhiteTitle "WIM"]
[WhiteElo "2249"]
[BlackElo "2051"]
[WhiteFideId "4901444"]
[BlackFideId "7902026"]
[EventDate "2013.12.19"]

1. d4 Nf6 2. Nf3 e6 3. g3 b5 4. Bg2 Bb7 5. O-O Be7 6. Nbd2 d5 7. a4 a6 8. Nb3 c6
9. Ne5 Nbd7 10. Nd3 O-O 11. Bd2 Qc8 12. Bg5 h6 13. Bxf6 Nxf6 14. Nbc5 Bxc5 15.
Nxc5 Nd7 16. Nxb7 Qxb7 17. b3 b4 18. Rc1 Rac8 19. e4 dxe4 20. Bxe4 Nf6 21. Bg2
Nd5 22. Bxd5 cxd5 23. f4 Rc3 24. f5 exf5 25. Rxf5 Rfc8 26. Qe2 Rxb3 27. Rcf1 Rb2
28. Rxf7 Qxf7 29. Rxf7 Kxf7 30. Qh5+ Kg8 31. Qxd5+ Kh8 32. Qd6 b3 33. Qe6 Rbxc2
34. Qxb3 Rd2 1/2-1/2

[Event "Al-Ain Classic Open A 2013"]
[Site "Al-Ain UAE"]
[Date "2013.12.20"]
[Round "2.44"]
[White "Kaboodi, Behrang"]
[Black "Nameer, Noor. Al-Deen"]
[Result "1-0"]
[BlackTitle "CM"]
[WhiteElo "2044"]
[BlackElo "2246"]
[WhiteFideId "12504955"]
[BlackFideId "4801890"]
[EventDate "2013.12.19"]

1. d4 Nf6 2. Nf3 g6 3. Bf4 Bg7 4. e3 O-O 5. Be2 d6 6. h3 Nbd7 7. O-O b6 8. c4
Bb7 9. Nc3 Re8 10. Bh2 e5 11. Qc2 Rc8 12. Rfe1 Qe7 13. c5 exd4 14. c6 Bxc6 15.
Nxd4 Bb7 16. Ncb5 Ne4 17. Bf3 c5 18. Nb3 Be5 19. Bxe5 Qxe5 20. Nxa7 Rcd8 21. Nd2
d5 22. Bxe4 dxe4 23. Nc4 Qf6 24. Nb5 Ne5 25. Nxe5 Qxe5 26. Red1 Rd3 27. Rxd3
exd3 28. Qxd3 Qxb2 29. Rb1 Qf6 30. Nd6 Rd8 31. Rxb6 Ba8 32. Qa6 Qg5 33. e4 Qc1+
34. Qf1 Qf4 35. g3 Qe5 36. Qd3 c4 37. Qxc4 Rxd6 38. Rb8+ Kg7 39. Rxa8 Rd4 40.
Qc8 Rd1+ 41. Kh2 Qxe4 42. Qf8+ Kf6 43. Ra6+ Kf5 44. Qxf7+ Kg5 45. Ra5+ 1-0

[Event "Al-Ain Classic Open A 2013"]
[Site "Al-Ain UAE"]
[Date "2013.12.20"]
[Round "2.47"]
[White "Dauletova, Gulmira"]
[Black "Khadzh Khamed, Naser"]
[Result "1-0"]
[WhiteTitle "WIM"]
[WhiteElo "2214"]
[BlackElo "2022"]
[WhiteFideId "13702971"]
[BlackFideId "14118920"]
[EventDate "2013.12.19"]

1. e4 c5 2. Nf3 Nc6 3. d4 cxd4 4. Nxd4 Nf6 5. Nc3 d6 6. Bc4 g6 7. Nxc6 bxc6 8.
e5 Ng4 9. e6 Ne5 10. exf7+ Kd7 11. Bb3 e6 12. O-O Nxf7 13. Re1 Ke7 14. Qg4 d5
15. Be3 Qd7 16. Rad1 Bg7 17. Nxd5+ cxd5 18. Bxd5 exd5 19. Qb4+ Nd6 20. Rxd5 a5
21. Bg5+ Kf8 22. Qf4+ Qf7 23. Qxd6+ Kg8 24. Re7 Bf8 25. Qd8 Bb7 26. Rxf7 Rxd8
27. Rxd8 Kxf7 28. Rd7+ Ke6 29. Rxb7 Bd6 30. g3 Rc8 31. c3 a4 32. Bd2 a3 33. b3
h5 34. Rb6 Kd7 35. h4 Re8 36. c4 Re5 37. Be3 1-0

[Event "Al-Ain Classic Open A 2013"]
[Site "Al-Ain UAE"]
[Date "2013.12.20"]
[Round "2.48"]
[White "Abtini, Hasan"]
[Black "Andrenko, Irina"]
[Result "1-0"]
[BlackTitle "WIM"]
[WhiteElo "2014"]
[BlackElo "2211"]
[WhiteFideId "7601506"]
[BlackFideId "14118270"]
[EventDate "2013.12.19"]

1. d4 Nf6 2. Bf4 g6 3. Nf3 Bg7 4. e3 O-O 5. Be2 d6 6. h3 c5 7. c3 Qb6 8. Qb3
Qxb3 9. axb3 cxd4 10. exd4 Nc6 11. Nbd2 e5 12. dxe5 Nd5 13. Bh2 dxe5 14. O-O h6
15. Bb5 Nde7 16. Rfe1 f6 17. Bc4+ Kh7 18. b4 Nf5 19. b5 Nb8 20. Ne4 Nd7 21. Red1
Nb6 22. Bf1 Be6 23. Nc5 Bd5 24. Nd7 Nxd7 25. Rxd5 Nb6 26. Rdd1 Rfc8 27. g4 Ne7
28. Rd6 Kg8 29. b3 Re8 30. Rad1 Rac8 31. c4 Rc7 32. Nh4 Kf7 33. Bg2 g5 34. Nf5
Nxf5 35. gxf5 Bf8 36. R6d3 Bc5 37. Bf3 Ke7 38. Kg2 Rb8 39. Be4 Rd7 40. f3 Rxd3
41. Rxd3 Nc8 42. Bd5 Nb6 43. Be4 Nc8 44. Rd5 b6 45. Rd1 h5 46. h4 gxh4 47. Ra1
Bd4 48. Ra2 Kd6 49. Rd2 Kc5 50. Bd5 Bc3 51. Rd3 Kb4 52. Be6 Ne7 53. Rd7 Ng8 54.
Bg1 Re8 55. Bf2 Re7 56. Bxh4 Rxd7 57. Bxd7 e4 58. fxe4 Nh6 59. Be6 Ng4 60. Bg3
Ne3+ 61. Kh3 Nc2 62. Bd6+ Ka5 63. Be7 Be5 64. Kh4 Nd4 65. b4+ Ka4 66. Kxh5 Nc2
67. Kg6 Nxb4 68. Bxf6 Bc7 69. Bd4 Nd3 70. f6 Nf4+ 71. Kf5 Nh5 72. Be5 1-0